000 00592nam a2200205Ia 4500
005 20260415173412.0
008 008 250505s9999 xx 000 0 eng d
020 _a978-1-0718-1568-7
037 _aTextBook
040 _aFEDL
_beng
_cFEDL
041 _aeng
_2eng
084 _a371.906 4 AST/R
_qFEDL
100 _aAsthana Neelima
_9533169
245 0 _aCreating an inclusive school
260 _aDelhi, India
_bPHI Leaning Private Ltd.
_c2023
300 _axx, 435p.
365 _aINR
_b895
942 _cTB
_h371.906 4 AST/R
999 _c1400063
_d1400063